000
00272pam a2200121 a 4500
020
_c
041
_a
eng
100
_a
Lawrenso.
245
_a
Odour Chrysanthe Muins & Other Stones
_h
Textual Documents
260
_a
[s.l]:
_b
Progress.Pub
300
_a
192p.
930
_a
15554
999
_c
92454
_d
92454